000 00896nam a22002297a 4500
001 44136
003 BD-RjUL
005 20211209053814.0
008 160714s1957 ii ||||| |||| 00| 0 ben d
020 _c: IRs 5.50
035 _a(BD-RjUL)44254
040 _aBD-RjUL
_bben
_cBD-RjUL
041 _aben
082 _223
_a891.4414
_bDAK 1957
100 _aদত্ত, সুধীন্দ্রনাথ
_9135511
245 1 0 _aকুলায় ও কালপুরুষ /
_cসুধীন্দ্রনাথ দত্ত
260 _aকলকাতা :
_bসিগনেট প্রেস,
_c১৯৫৭ [১৩৬৪]
300 _a[২৪], ২৭১ পৃ. ;
_c২১ সেমি.
600 _aঠাকুর, রবীন্দ্রনাথ,
_d১৮৬১-১৯৪১
_9135518
600 _aTagore, Robindronath,
_d1861-1941
_9135519
942 _2ddc
_cBK
_02
999 _c44136
_d44136